| Поле | Инд. | ПП | Название | Значение |
|---|---|---|---|---|
| Тип записи | a | |||
| Библиографический уровень | m | |||
| 001 | Контрольный номер | d430fc0d33744b5a8657b2c019ecaeb0 | ||
| 005 | Дата корректировки | 20240311092411.6 | ||
| 020 | c | Цена, тираж | б. ц. | |
| 040 | b | Код языка каталог. | rus | |
| 041 | 0_ | a | Код языка текста | rus |
| 080 | a | Индекс УДК | 004.93 | |
| 084 | a | Индекс другой классификации/Индекс ББК | 32.818.1 | |
| 090 | a | Полочн. индекс | 681.3 | |
| x | Авторский знак | В36 | ||
| 097 | b | Оператор | 02 | |
| 100 | 1_ | a | Автор | Верхов К. А. |
| 245 | 10 | a | Заглавие | Методы и алгоритмы обнаружения обьектов на изображении с использованием машинного обучения |
| b | Продолж. заглавия | дисс. на соиск. степени магистра техн. наук : 1-39 80 03 | ||
| c | Ответственность | науч. рук. И. Н. Тонкович | ||
| 260 | c | Дата издания | 2022 | |
| a | Место издания | Минск | ||
| b | Издательство | БГУИР | ||
| 300 | a | Объем | 65 с. | |
| e | Сопроводительные материалы | автореферат | ||
| 510 | 0_ | a | Примечание о ссылках | Диссертации и авторефераты диссертаций |
| 653 | 0_ | a | Ключевые слова | машинное обучение; алгоритмы (выч. техника) |
| 856 | 40 | u | URL | https://libeldoc.bsuir.by/bitstream/123456789/46963/1/Verhov_Metodi.pdf |
| 901 | t | Тип документа | d |